Tilastot visalle Intian kaupunkeja kartalla

Klikkaa tästä pelataksesi tätä visaa!

Yleistilastot

  • Tätä visaa on pelattu 149 kertaa
  • Keskiarvotulos 7 / 12

Vastaukset kartalla

Vastauksille on annettu kartalla punavihreä väri sen mukaan, kuinka moni on saanut sen oikein.
Ladataan ...
 

Vastaustilastot

Vastaus% Oikein
Delhi
90%
Mumbai
84%
Kalkutta
81%
Port Blair
63%
Chennai
61%
Bangalore
60%
Hyderabad
55%
Ahmedabad
52%
Amritsar
45%
Patna
45%
Lucknow
43%
Trivandrum
37%

Tulosjakauma

Persentiili vastausten määrän mukaan

Jokaisen tuloksen saaneiden osuus

Tuloshistoriasi

Et ole pelannut tätä visaa